Wileńskie inscenizacje dramatów Jerzego Szaniawskiego
| Titel: | Wileńskie inscenizacje dramatów Jerzego Szaniawskiego |
|---|---|
| Verfasser: | |
| In: |
Wilno teatralne, (1998), Seite 238-256 alle Artikel anzeigen |
| Veröffentlicht: | 1998 |
| Format: | Aufsatz |
| Sprache: | Polnisch |
X
alg: 39237568 001A $01999:11-11-16 001B $01999:28-04-17 $t14:56:50.000 001D $01999:11-11-16 001U $0utf8 001X $00 002@ $0Aox 003@ $0392375680 007A $0392375680 $aHEB 007T $0Herdc0020958v 010@ $apol 011@ $a1998 021A $aWileńskie inscenizacje dramatów Jerzego Szaniawskiego 028A $aLewko $dMarian 031A $h238-256 $j1998 039B $aIn $8--Aau--. Wilno teatralne. - Wyd. 1. - Warszawa, 1998. - 511 S.. - Ill.. - ISBN 83-87789-02-X $x199800000000000762 $9091163048 lok: 39237568 78 exp: 39237568 78 1 #EPN 201B/01 $022-05-19 $t22:57:14.000 201U/01 $0utf8 203@/01 $0788473360 208@/01 $a11-11-16 $be 209A/01 $a/ $f000 $x00 220C/01 $aHerkunft: LII / T. Baranauskas 244Z/01 $2Trx $#Litauen $#Lithuania $#Litwa $#Litva $#Litva $8--Trx--Lietuva $x01 $9391193457 244Z/01 $#Wilna $#Wilna Vilnius $#Wilnjus $#Wilno $#Vilna $#Vilni $#Wilniuje $#Wilna $75057560-0 $8--Tg1--Vilnius $x02 $9044721684 244Z/01 $7118799584 $8--Tp1--Szaniawski, Jerzy$Z1886-1970 $x03 $9087140187 244Z/01 $2Trx $#näitlejad $#aktoriai $#actors $#színész $#aktorzy $#herci $#herci $#Filmschauspieler $#filmoví herci $8--Trx--Schauspieler $x04 $9391380567 244Z/01 $2Trx $#režissöörid $#režisieriai $#directors $#rendezök $#reżyserzy $#režiséri $#režiséři $8--Trx--Regisseure $x05 $9391376160 244Z/01 $2Trx $8--Trx--Einzelbeiträge $x06 $9391384570 247C/01 $82080>Marburg/Lahn, Herder-Institut, Forschungsbibliothek, Bibliographieportal $9336309341
| LEADER | 00000caa a22000002c 4500 | ||
|---|---|---|---|
| 001 | 392375680 | ||
| 003 | DE-603 | ||
| 005 | 20170428145650.0 | ||
| 007 | tu | ||
| 008 | 161111s1998 xx |||| | u00||u|pol c | ||
| 035 | |a (DE-599)HEB392375680 | ||
| 040 | |a DE-603 |b ger |c DE-603 |d DE-603 | ||
| 041 | |a pol | ||
| 100 | 1 | |a Lewko, Marian | |
| 245 | 0 | 0 | |a Wileńskie inscenizacje dramatów Jerzego Szaniawskiego |
| 264 | 0 | |c 1998 | |
| 773 | 0 | 8 | |i In |t Wilno teatralne |b Wyd. 1 |d Warszawa, 1998 |h 511 S., Ill. |z 838778902X |z 8385161775 |z 8390887118 |g (1998), Seite 238-256 |w (DE-603)091163048 |
| 924 | 0 | |9 2080 |a (DE-603)788473360 |b DE-2080 |c HES |d d |g / | |


